La normativa del derecho
Guardat en:
| Autors principals: | , , |
|---|---|
| Format: | Llibre |
| Idioma: | espanyol |
| Publicat: |
Barcelona
Gedisa
1997
|
| Col·lecció: | Cla De Ma Derecho Filosofía
|
| Matèries: | |
| Etiquetes: |
Afegir etiqueta
Sense etiquetes, Sigues el primer a etiquetar aquest registre!
|
MARC
| LEADER | 00000nam a2200000 a 4500 | ||
|---|---|---|---|
| 001 | UCS9994 | ||
| 003 | CL-VaPUC | ||
| 008 | 971129e19970000SP |||||||||||||||||spa|d | ||
| 082 | 0 | 4 | |a 340.1 |b AAR |2 21 |
| 100 | 0 | |a Aarnio, Aulis |e author |9 395272 | |
| 700 | |a Garzón Valdés, Ernesto |e author |9 597047 | ||
| 700 | 0 | |a Uusitalo, Jyrki |e author |9 395274 | |
| 245 | 1 | 3 | |a La normativa del derecho |
| 300 | |a 262 p | ||
| 942 | |c BK | ||
| 945 | |d 19971129 00:00:00 |a jquezada | ||
| 260 | |a Barcelona |b Gedisa |c 1997 | ||
| 650 | 0 | |a Filosofía del derecho |9 255050 | |
| 650 | 7 | |a INTERPRETACION DEL DERECHO |2 CL-VaPUC |9 395275 | |
| 650 | 0 | |a Pensamiento jurídico |9 255517 | |
| 583 | |a last modification |c 19971129 00:00:00 |k Rodrigo Vera | ||
| 490 | 0 | |a Cla De Ma Derecho Filosofía | |
| 999 | |c 263657 |d 263655 | ||
| 952 | |0 0 |1 0 |4 0 |6 340_100000000000000_AAR_1997 |7 0 |8 DER_TF |9 293019 |a BIBDER |b BIBDER |d 2019-11-19 |i 3370623 |l 1 |o 340.1 AAR 1997 |p 3370623 |r 2023-01-25 |s 2020-03-16 |w 2019-11-19 |x Ubicación 4to Piso |y BK |z Estos recursos deben solicitarse con anticipación |k DER | ||